000 00656nam a2200253Ia 4500
003 OSt
005 20221005093007.0
006 a|||||r|||| 00| 0
007 ta
008 221004b |||||||| |||| 00| 0 eng d
020 _a0824205103
024 _a33833
037 _cTextual
040 _aCRL
_cCRL
_beng
041 _2eng
_aeng
082 _a2:81, L3
100 _aBroadus Robert
_9618019
245 0 _aSelecting materials for libraries
260 _aNew York
_bThe H.W.Wilson Company
_c1973
300 _a342p.
_ccm.
650 _aLIBRARY SCIENCE
942 _h2:81, L3
_cTEXL
_2cc
999 _c999683
_d999683